<?xml version="1.0" encoding="UTF-8"?>
<collection xmlns="http://www.loc.gov/MARC21/slim">
 <record>
  <leader>02891nam a2200229Ia 4500</leader>
  <controlfield tag="001">CTU_239304</controlfield>
  <controlfield tag="008">210402s9999    xx            000 0 und d</controlfield>
  <datafield tag="082" ind1=" " ind2=" ">
   <subfield code="a">005.74</subfield>
  </datafield>
  <datafield tag="082" ind1=" " ind2=" ">
   <subfield code="b">T500</subfield>
  </datafield>
  <datafield tag="088" ind1=" " ind2=" ">
   <subfield code="a">8480104</subfield>
  </datafield>
  <datafield tag="100" ind1=" " ind2=" ">
   <subfield code="a">Trần, Tú</subfield>
  </datafield>
  <datafield tag="245" ind1=" " ind2="0">
   <subfield code="a">Xây dựng hệ thống tư vấn học tốt bài trắc nghiệm khách quan :</subfield>
  </datafield>
  <datafield tag="245" ind1=" " ind2="0">
   <subfield code="b">Luận văn Thạc sĩ Công nghệ thông tin. Chuyên ngành Hệ thống thông tin</subfield>
  </datafield>
  <datafield tag="245" ind1=" " ind2="0">
   <subfield code="c">Trần Tú ; Dương Trung Nghĩa (Cán bộ hướng dẫn)</subfield>
  </datafield>
  <datafield tag="260" ind1=" " ind2=" ">
   <subfield code="a">Cần Thơ</subfield>
  </datafield>
  <datafield tag="260" ind1=" " ind2=" ">
   <subfield code="b">Trường Đại học Cần Thơ</subfield>
  </datafield>
  <datafield tag="260" ind1=" " ind2=" ">
   <subfield code="c">2020</subfield>
  </datafield>
  <datafield tag="520" ind1=" " ind2=" ">
   <subfield code="a">Trong thời gian gần đây hình thức kiểm tra trắc nghiệm được áp dụng rộng rãi trong các trường trung học phổ thông và đem lại hiệu quả cao trong kiểm tra đánh giá. Cụ thể là Bộ Giáo dục và Đào tạo đã áp dụng hình thức kiểm tra trắc nghiệm cho các môn Toán, Lý, Hóa, Tiếng Anh trong kỳ thi trung học phổ thông quốc gia trong những năm gần đây. Hiện nay hình thức kiểm tra trắc nghiệm cũng được áp dụng trong tất cả các môn học còn lại ở các cấp học còn lại để đánh giá kết quả học tập của học sinh. Nhằm giải quyết vấn đề cấp thiết này chúng tôi đề xuất xây dựng “Hệ thống tư vấn học tốt bài trắc nghiệm khách quan”. Với ý tưởng dựa trên cơ sở dữ liệu câu hỏi trắc nghiệm thu thập được từ ngân hàng câu hỏi của tổ Tin học trường trung học phổ thông Lê Văn Tám. Chúng tôi sử dụng công cụ vnTokenizer để trích đặc trưng trong văn bản tiếng Việt. Thư viện bag of word, doc2vec để chuyển về dạng vector. Tiếp đó, áp dụng vào giải thuật K láng giềng gần (K- Nearest Neighbor –KNN) được tích hợp vào trang Web để tìm kiếm câu hỏi theo từ khóa giúp cho học sinh ôn tập tốt chương trình Tin học 10. Bên cạnh đó chúng tôi sử dụng hệ quản trị cơ sở dữ liệu My SQL, Framework Laravel để thiết kế trang Web cho học sinh ôn tập dựa trên ngân hàng câu hỏi đã có sẵn và cho học sinh kiểm tra để lấy điểm khi cần đánh giá kết quả học tập của học sinh.</subfield>
  </datafield>
  <datafield tag="650" ind1=" " ind2=" ">
   <subfield code="a">Data mining,Khai thác dữ liệu</subfield>
  </datafield>
  <datafield tag="904" ind1=" " ind2=" ">
   <subfield code="i">Hải</subfield>
  </datafield>
  <datafield tag="910" ind1=" " ind2=" ">
   <subfield code="c">tvtrong</subfield>
  </datafield>
  <datafield tag="980" ind1=" " ind2=" ">
   <subfield code="a">Trung tâm Học liệu Trường Đại học Cần Thơ</subfield>
  </datafield>
 </record>
</collection>
